000 00599nam a2200205Ia 4500
008 160319s9999 xx 000 0 und d
020 _a9718769153
050 _a613.2
050 _bN976 2000
245 _aNutritional guidelines for Filipinos /
250 _aRev. edition.
260 _aTaguig :
260 _bFood and Nutrition Research Institute, Dept. of Science and Technology, 
260 _c2000
300 _axii, 102 pages :
300 _bcol. illustrations. ;
300 _c28 cm.
650 _aNutrition -- Handbooks, manuals, etc.
650 _aNutrition -- Philippines.
999 _c292147
_d292147